000 01035cam a2200229 4500
008 030901n1979 000 0 eng u
020 _a0419160809
035 _a(Sirsi) u123436
041 _aeng
050 _a624.8
_c18
100 _aAbrahamson, Max W.
245 _aEngineering law and the ICE contracts
250 _a4th ed.
260 _aLondon
_bSpon
_c1979
300 _a25cm
350 _a160
520 _aNew edition of this publication which provides an analysis of each clause of the Institution of Civil Engineers forms of contract, along with cross-references and the background law necessary to apply it. Also provides an outline of general engineering law independent of these forms. Due to the publication a new edition of the FIDIC International Conditions in 1977, the chapter dealing with the FIDIC conditions has been omitted. Updated and expanded.
650 _aICE CONDITIONS OF CONTRACT
650 _aFIDIC CONDITIONS OF CONTRACT
690 _aBUILDING AND CONSTRUCTION-ENGINEERING
942 _n0
999 _c103041
_d103041